La música en el templo católico / (Record no. 156066)

MARC details
000 -LEADER
campo de control de longitud fija 00685nam a22001815i 4500
001 - NÚMERO DE CONTROL
campo de control 156066
003 - IDENTIFICADOR DE NÚMERO DE CONTROL
campo de control ES-MaACL
005 - FECHA Y HORA DE LA ÚLTIMA TRANSACCIÓN
campo de control 20250823104043.0
008 - DATOS DE LONGITUD FIJA--INFORMACIÓN GENERAL
campo de control de longitud fija 000301s1878 sp |||| | spa d
040 ## - FUENTE DE CATALOGACIÓN
Centro catalogador/agencia de origen CAM
Lengua de catalogación spa
Centro/agencia transcriptor CAM
100 1# - ENTRADA PRINCIPAL--NOMBRE DE PERSONA
Nombre de persona Inzenga, José (
Fechas asociadas al nombre 1828-1891)
9 (RLIN) 128190
245 13 - MENCIÓN DEL TÍTULO
Título La música en el templo católico /
Mención de responsabilidad, etc. por José Inzenga.
260 ## - PUBLICACIÓN, DISTRIBUCIÓN, ETC.
Lugar de publicación, distribución, etc. Madrid :
Nombre del editor, distribuidor, etc. [s.n.],
Fecha de publicación, distribución, etc. 1878 (
Fabricante imprenta de Fernando Cao)
300 ## - DESCRIPCIÓN FÍSICA
Extensión 16 p. ;
Dimensiones 21 cm.
650 #7 - PUNTO DE ACCESO ADICIONAL DE MATERIA--TÉRMINO DE MATERIA
Término de materia o nombre geográfico como elemento de entrada Música sagrada
Fuente del encabezamiento o término
9 (RLIN) 143239
852 ## - LOCALIZACIÓN
Ubicación ES-MaACL
Número de control de estantería T-974-F-2
Nota libre -- Enc. hol., conservando la cub. original
-- -- An. ms.: ded. de Antonio Gabriel Ramírez al Ateneo
-- -- Enc. en un vol. facticio
Holdings
Estatus retirado Estado de pérdida Estado de daño No para préstamo Colección Biblioteca de origen Biblioteca actual Ubicación en estantería Fecha de adquisición Total de préstamos Signatura topográfica completa Código de barras Visto por última vez Precio de reemplazo Tipo de ítem Koha
        Colección de folletos Biblioteca del Ateneo de Madrid Biblioteca del Ateneo de Madrid Depósito folletos 17/01/2008   T-974-F-2 1163273 23/02/2023 23/02/2023 Folleto